000 00759cas a22002175a 4500
001 L109918
008 070510d19982002xxkqr p a eng d
035 _a(Sirsi) u109918
041 0 _aeng
110 2 _aRoyal Institution of Chartered Surveyors
_bCorporate Occupiers Group
_93759
240 _aCOG Newsletter
245 0 0 _aCorporate Occupier
_bNews from the Corporate Occupiers Group (COG)
260 3 _aLondon
_bRICS
_c1998-2002
362 _aLondon: (1) Summer 1998-(12) July 2002
362 0 _aEdinburgh: (1) Summer 1998-(5) Summer 1999
520 _aBecame COG Newsletter from Issue 9 (April 2001)
554 _aFour per year
651 4 _aEngland and Wales
_y1543-
690 _aPROPERTY-COMMERCIAL PROPERTY-CORPORATE REAL ESTATE
942 _n0
999 _c118727
_d118727